[Event "Skopje op"]
[Site "Skopje"]
[Date "2023.12.10"]
[Round "6"]
[White "Stoilkovski, Jordan"]
[Black "Trajkovski, Mile"]
[Result "0-1"]
[WhiteElo "1733"]
[BlackElo "1952"]
[PlyCount "62"]
[EventDate "2023.12.06"]
[EventType "swiss"]
[EventRounds "9"]
[EventCountry "MKD"]
[SourceTitle "CB50_2023"]
[SourceDate "2023.12.13"]
[SourceVersion "1"]
[SourceVersionDate "2023.12.13"]
[SourceQuality "1"]

1. e4 c5 2. Nf3 e6 3. d4 cxd4 4. Nxd4 a6 5. Bd3 Qc7 6. Nc3 b5 7. a3 Bb7 8. Bg5 b4 9. axb4 Bxb4 10. Bd2 Nf6 11. Qe2 Nc6 12. Nf3 Ng4 13. h3 Nge5 14. Nxe5 Nxe5 15. 0-0 Nxd3 16. cxd3 0-0 17. Nd5 exd5 18. Bxb4 Rfe8 19. Rfc1 Qe5 20. Bc3 Qg5 21. Bd2 Qg6 22. f3 dxe4 23. dxe4 d5 24. Rc7 Qb6+ 25. Kh1 Qxc7 26. Bc3 dxe4 27. f4 Qxf4 28. Ra5 e3 29. Rh5 Rad8 30. h4 Qg3 31. Kg1 Rd1+ 0-1

[Event "Skopje op"]
[Site "Skopje"]
[Date "2019.12.09"]
[Round "5"]
[White "Velikov, Nikola"]
[Black "Stoilkovski, Jordan"]
[Result "1/2-1/2"]
[WhiteElo "1521"]
[BlackElo "1846"]
[PlyCount "59"]
[EventDate "2019.12.06"]
[EventType "swiss"]
[EventRounds "9"]
[EventCountry "MKD"]
[SourceTitle "CBM 193 Extra"]
[Source "ChessBase"]
[SourceDate "2020.01.31"]
[SourceVersion "1"]
[SourceVersionDate "2020.01.31"]
[SourceQuality "1"]

1. Nf3 d5 2. g3 Nf6 3. Bg2 g6 4. 0-0 Bg7 5. d3 h6 6. Nbd2 0-0 7. e4 dxe4 8. dxe4 Nc6 9. h3 e5 10. c3 h5 11. Re1 Be6 12. Qe2 Nd7 13. Nh4 Qf6 14. Rf1 g5 15. Nf5 Bxf5 16. exf5 Qxf5 17. g4 Qe6 18. Be4 Rfd8 19. Nc4 Nf6 20. Bf5 Qd5 21. Ne3 Qc5 22. Nc2 Nd5 23. Be3 Qe7 24. Qf3 Qf6 25. Rad1 Nde7 26. Be4 Qxf3 27. Bxf3 f6 28. Be4 Kf7 29. Na3 Ke8 30. Nb5 1/2-1/2

[Event "Skopje op"]
[Site "Skopje"]
[Date "2019.12.08"]
[Round "4"]
[White "Stoilkovski, Jordan"]
[Black "Kjosev, Stefan"]
[Result "1-0"]
[WhiteElo "1846"]
[BlackElo "1236"]
[PlyCount "109"]
[EventDate "2019.12.06"]
[EventType "swiss"]
[EventRounds "9"]
[EventCountry "MKD"]
[SourceTitle "CBM 193 Extra"]
[Source "ChessBase"]
[SourceDate "2020.01.31"]
[SourceVersion "1"]
[SourceVersionDate "2020.01.31"]
[SourceQuality "1"]

1. e4 e5 2. Nf3 Nc6 3. d4 exd4 4. Nxd4 Bc5 5. Be3 Qf6 6. c3 Nge7 7. Nc2 Bxe3 8. Nxe3 0-0 9. g3 d6 10. Bg2 Ne5 11. Qe2 N7c6 12. Nd2 Be6 13. f4 Rfe8 14. fxe5 Nxe5 15. Rf1 Qh6 16. Nf3 Bg4 17. Nxg4 Nxg4 18. Nh4 Ne3 19. Nf5 Nxf5 20. Rxf5 Qxh2 21. Kf2 Qh6 22. Rh1 Qg6 23. Qh5 Re6 24. Qxg6 Rxg6 25. Bf3 Re6 26. Rfh5 h6 27. g4 Rae8 28. g5 Kh7 29. Bg4 Re5 30. gxh6 Rxh5 31. Rxh5 gxh6 32. Bf5+ Kg7 33. Rh3 Re5 34. Rg3+ Kf6 35. Ke3 b6 36. Bh7 Rg5 37. Rf3+ Kg7 38. Bf5 h5 39. Rf2 f6 40. Kd4 Kf7 41. Kd5 Ke7 42. Kc6 Kd8 43. Be6 Rg6 44. Rf5 Rh6 45. Bf7 h4 46. Rh5 Rxh5 47. Bxh5 h3 48. Bf3 Kc8 49. Bg4+ Kd8 50. Bxh3 a6 51. a4 b5 52. axb5 axb5 53. Kxb5 Ke7 54. Kc6 Kd8 55. b4 1-0

[Event "FRM-ch op 19th"]
[Site "Struga"]
[Date "2010.07.22"]
[Round "6"]
[White "Stoilkovski, Jordan"]
[Black "Stojkovska, Monika"]
[Result "1/2-1/2"]
[WhiteElo "2027"]
[BlackElo "1910"]
[PlyCount "148"]
[EventDate "2010.07.18"]
[EventType "swiss"]
[EventRounds "9"]
[EventCountry "MKD"]
[SourceTitle "CBM 137 Extra"]
[Source "ChessBase"]
[SourceDate "2010.09.01"]
[SourceVersion "1"]
[SourceVersionDate "2010.09.01"]
[SourceQuality "1"]

1. e4 c5 2. Nf3 Nc6 3. d4 cxd4 4. Nxd4 Nf6 5. Nc3 d6 6. Nb3 e5 7. Bg5 a6 8. Nd5 Be7 9. Bxf6 Bxf6 10. Be2 0-0 11. 0-0 Bg5 12. Qd3 Be6 13. c3 Ne7 14. Nxe7+ Qxe7 15. Bf3 Rad8 16. Qe2 Rd7 17. Rad1 Rfd8 18. g3 d5 19. exd5 Bxd5 20. Bxd5 Rxd5 21. Rxd5 Rxd5 22. Rd1 Qd6 23. Rxd5 Qxd5 24. c4 Qd6 25. Qg4 Bd8 26. Qe4 Qe7 27. Kg2 g6 28. g4 Qc7 29. Qd5 Be7 30. Nd2 h6 31. Ne4 Kg7 32. b3 b6 33. Nc3 Qc5 34. Kf3 f5 35. gxf5 gxf5 36. Qd7 e4+ 37. Kg2 Kg8 38. Nd5 Bg5 39. Qxf5 Qd4 40. Qc8+ Kg7 41. Qd7+ Kf8 42. Qf5+ Kg7 43. Qg4 Kh7 44. h4 Bc1 45. Qf5+ Kg7 46. h5 Bg5 47. Qd7+ Kf8 48. Qf5+ Kg7 49. Qg6+ Kh8 50. Qxb6 Qd1 51. Qb8+ Kh7 52. Qc7+ Kg8 53. Qc8+ Kg7 54. Qd7+ Kh8 55. Qe8+ Kg7 56. Qxe4 Qxh5 57. Qf3 Qg6 58. Qg3 Qe4+ 59. Qf3 Qg6 60. Qg4 h5 61. Qd7+ Kh6 62. Kh2 Qe4 63. Qc6+ Kg7 64. Qb7+ Kf8 65. Qc8+ Kg7 66. Qd7+ Kh6 67. Qd6+ Kg7 68. Qg3 Kh6 69. Qd6+ Kg7 70. Qg3 Kh6 71. Qd6+ Kg7 72. Qc7+ Kh6 73. Qc6+ Kg7 74. Qb7+ Kf8 1/2-1/2

[Event "FRM-ch op 19th"]
[Site "Struga"]
[Date "2010.07.18"]
[Round "1"]
[White "Pancevski, Filip"]
[Black "Stoilkovski, Jordan"]
[Result "1-0"]
[WhiteElo "2402"]
[BlackElo "2027"]
[PlyCount "93"]
[EventDate "2010.07.18"]
[EventType "swiss"]
[EventRounds "9"]
[EventCountry "MKD"]
[SourceTitle "CBM 137 Extra"]
[Source "ChessBase"]
[SourceDate "2010.09.01"]
[SourceVersion "1"]
[SourceVersionDate "2010.09.01"]
[SourceQuality "1"]

1. e4 c5 2. Nf3 Nc6 3. d4 cxd4 4. Nxd4 e5 5. Nb5 a6 6. N5c3 Nf6 7. Bg5 Be7 8. Bxf6 Bxf6 9. Nd5 d6 10. a4 Be6 11. Nbc3 0-0 12. Bc4 Kh8 13. 0-0 Bg5 14. Ne2 Ne7 15. Ba2 Nxd5 16. Bxd5 Bxd5 17. Qxd5 Qb6 18. Qd3 g6 19. b3 Rad8 20. Rad1 f5 21. Nc3 fxe4 22. Nxe4 Be7 23. Nc3 Bg5 24. Nd5 Qc5 25. g3 Rf7 26. b4 Qc8 27. h4 Bh6 28. Kg2 Qf5 29. f3 Qxd3 30. Rxd3 Rc8 31. c3 Bf8 32. h5 gxh5 33. Rh1 Rf5 34. Re3 Rc4 35. Re4 Rxe4 36. fxe4 Rg5 37. Kf3 Kg7 38. a5 Kg6 39. b5 axb5 40. Rb1 Kh6 41. Ne3 h4 42. gxh4 Rg8 43. Rxb5 Rg1 44. Rxb7 Ra1 45. Rf7 Bg7 46. h5 Kxh5 47. Rxg7 1-0